000 00916nam a2200265Ia 4500
003 GCL
005 20240530103833.0
008 140319s9999 xx 000 0 ara d
040 _aGCL /
_cGCL
082 0 4 _a362.611
_bم م
100 0 _aمواهب ابراهيم عياد
245 1 0 _aالمرشد فى تدريب المتخلفين عقليا على السلوك الاستقلالى فى المهارات المنزلية /
_cمواهب ابراهيم عياد
300 _a188 ص
650 0 4 _aالتربية
650 0 4 _aالتنمية الاجتماعية
650 0 4 _aالاجتماع
650 0 4 _aتدريب
650 0 4 _aالرعاية والعلاج
650 0 4 _aالصحة الوقائية
650 0 4 _aالتنمية الادارية
650 0 4 _aالمعوقون
700 1 _aنعمة مصطفى رقبان
700 1 _aسامية ابراهيم لطفى
942 _2ddc
_cBK
999 _c42876
_d42876